| 000 -LEADER |
| fixed length control field |
00645cam a22002051 4500 |
| 001 - CONTROL NUMBER |
| control field |
2639486 |
| 005 - DATE AND TIME OF LATEST TRANSACTION |
| control field |
20240327164410.0 |
| 008 - FIXED-LENGTH DATA ELEMENTS--GENERAL INFORMATION |
| fixed length control field |
720107s1962 enka b 000 0 eng |
| 041 ## - LANGUAGE CODE |
| Language code of text/sound track or separate title |
eng |
| 080 ## - UNIVERSAL DECIMAL CLASSIFICATION NUMBER |
| Universal Decimal Classification number |
519.876.5 H-20 |
| 100 1# - MAIN ENTRY--PERSONAL NAME |
| Personal name |
Hamming, R. W. |
| Fuller form of name |
|
| Dates associated with a name |
|
| 9 (RLIN) |
12902 |
| 245 10 - TITLE STATEMENT |
| Title |
Numerical methods for scientists and engineers / |
| Statement of responsibility, etc. |
R. W. Hamming. |
| 264 ## - PRODUCTION, PUBLICATION, DISTRIBUTION, MANUFACTURE, AND COPYRIGHT NOTICE |
| Place of production, publication, distribution, manufacture |
New York, |
| Name of producer, publisher, distributor, manufacturer |
McGraw-Hill, |
| Date of production, publication, distribution, manufacture, or copyright notice |
1962. |
| 300 ## - PHYSICAL DESCRIPTION |
| Extent |
411 p.: |
| Other physical details |
illus.; |
| Dimensions |
24 cm. |
| 650 #0 - SUBJECT ADDED ENTRY--TOPICAL TERM |
| Topical term or geographic name entry element |
Electronic digital computers. |
| 9 (RLIN) |
12906 |
| 653 ## - INDEX TERM--UNCONTROLLED |
| keyword |
Numerical Methods for Scientists and Engineers |
| 653 ## - INDEX TERM--UNCONTROLLED |
| keyword |
მათემატიკა |
| 653 ## - INDEX TERM--UNCONTROLLED |
| keyword |
Математика |
| 942 ## - ADDED ENTRY ELEMENTS (KOHA) |
| Source of classification or shelving scheme |
|
| Koha item type |
წიგნი |